Southville International School and Colleges
Your cart is empty.
  • Cart
  • Lists
    Public lists Eva Luna New books Lux_list list_1
    Your lists Log in to create your own lists
  • Log in to your account
  • Your cookies
  • Search history
Southville International School and Colleges
  • Advanced search
  • Recent comments
  • Most popular
  • Libraries

Log in to your account

Log in with GOOGLE


If you do not have an external account, but do have a local account, you can still log in:

  1. Home
  2. MARC view: Mathematics standard level for the international baccalaureate
Normal view MARC view ISBD view

Mathematics standard level for the international baccalaureate (Record no. 2148)

[ view plain ]
MARC details
000 -LEADER
fixed length control field 00561nam a22002177a 4500
003 - CONTROL NUMBER IDENTIFIER
control field ACsjakarta
005 - DATE AND TIME OF LATEST TRANSACTION
control field 20151202153042.0
008 - FIXED-LENGTH DATA ELEMENTS--GENERAL INFORMATION
fixed length control field 130307t xxu||||| |||| 00| 0 eng d
020 ## - INTERNATIONAL STANDARD BOOK NUMBER
International Standard Book Number 0741421410
050 ## - LIBRARY OF CONGRESS CALL NUMBER
Classification number QA 43
Item number .W637 2006
082 ## - DEWEY DECIMAL CLASSIFICATION NUMBER
Classification number IB 510
Item number W63 2006
100 ## - MAIN ENTRY--PERSONAL NAME
Personal name Wicks, Alan
245 ## - TITLE STATEMENT
Title Mathematics standard level for the international baccalaureate
Statement of responsibility, etc Alan Wicks.
250 ## - EDITION STATEMENT
Edition statement 2nd ed.
260 ## - PUBLICATION, DISTRIBUTION, ETC. (IMPRINT)
Name of publisher, distributor, etc Infinity Publishing
Date of publication, distribution, etc 2004
300 ## - PHYSICAL DESCRIPTION
Dimensions 27.6 cm.
Extent 297 p. ;
562 ## - COPY AND VERSION IDENTIFICATION NOTE
Number of copies 2
942 ## - ADDED ENTRY ELEMENTS (KOHA)
Source of classification or shelving scheme Library of Congress Classification
Koha item type Books
Holdings
Withdrawn status Lost status Source of classification or shelving scheme Damaged status Home library Current library Shelving location Date acquired Total Checkouts Full call number Barcode Date last seen Copy number Price effective from Koha item type
    Library of Congress Classification   Luxembourg Library Luxembourg Library International Baccalaureate Section 03/07/2013   QA 43 .W637 2006 15507 08/13/2013 1 03/07/2013 Books
    Library of Congress Classification   Luxembourg Library Luxembourg Library International Baccalaureate Section 06/21/2013   QA 43 .W637 2006 15669 08/13/2013   06/21/2013 Books

Mathematics standard level for the international baccalaureate

APA

Wicks A., . (2004). Mathematics standard level for the international baccalaureate. : Infinity Publishing.

Chicago

Wicks Alan, . 2004. Mathematics standard level for the international baccalaureate. : Infinity Publishing.

Harvard

Wicks A., . (2004). Mathematics standard level for the international baccalaureate. : Infinity Publishing.

MLA

Wicks Alan, . Mathematics standard level for the international baccalaureate. : Infinity Publishing. 2004.

  • Place hold
  • Print
  • Cite
  • Add to your cart (remove)
  • Save record
    BIBTEX Dublin Core MARCXML MARC (non-Unicode/MARC-8) MARC (Unicode/UTF-8) MARC (Unicode/UTF-8, Standard) MODS (XML) RIS
  • More searches
    Search for this title in:
    Other Libraries (WorldCat) Other Databases (Google Scholar) Online Stores (Bookfinder.com) Open Library (openlibrary.org)

Exporting to Dublin Core...

SOUTHVILLE LIBRARY

Southville International School and Colleges Library

1281 Tropical Ave. Cor. Luxembourg St., BF Homes International, Las Pinas City

Tel. No. 8256374 / 252358 Loc. 117/146

Powered by Koha